The Fiction Of Ian Mc Ewan (Record no. 575991)

MARC details
000 -LEADER
fixed length control field 00463nam a22001817a 4500
008 - FIXED-LENGTH DATA ELEMENTS--GENERAL INFORMATION
fixed length control field 250716b |||||||| |||| 00| 0 eng d
020 ## - INTERNATIONAL STANDARD BOOK NUMBER
ISBN 9781403919090
Paper back/Hardbound hbk
041 ## - LANGUAGE CODE
Language code of text/sound track or separate title eng
082 ## - DEWEY DECIMAL CLASSIFICATION NUMBER
Classification number 823.914 CHI
100 ## - MAIN ENTRY--AUTHOR NAME
Personal name Childs Peter
245 ## - TITLE STATEMENT
Title The Fiction Of Ian Mc Ewan
Statement of responsibility, etc / Peter Childs
250 ## - EDITION STATEMENT
Edition statement 1st eed
260 ## - PUBLICATION, DISTRIBUTION, ETC. (IMPRINT)
Place of publication New York
Name of publisher Palgrave Macmillan
Year of publication 2006
300 ## - PHYSICAL DESCRIPTION
Number of Pages 166p. :
Dimensions 23cm
650 ## - SUBJECT ADDED ENTRY--TOPICAL TERM
Topical Term fiction
942 ## - ADDED ENTRY ELEMENTS (KOHA)
Koha item type English Books
Holdings
Withdrawn status Lost status Damaged status Not for loan Home library Current library Shelving location Date acquired Full call number Accession Number Price effective from Koha item type
        Anna Centenary Library Anna Centenary Library 4TH FLOOR, B WING 21.10.2010 823.914 CHI 322401 16.07.2025 English Books

Find us on the map